01032nam a2200289Ia 450000500170000000800270001702000180004408200160006210000300007824501550010825000180026330000170028150400360029865000540033465000440038865000360043265000320046865000280050070000320052894200120056026400320057233600270060433700330063133800280066404000350069299900150072720220317000354.0141031s9999 ck 000 0 spa d a978842833431004a631.3bJ35m1 aJiménez Álvarez, Luis10aMantenimiento básico de instalaciones en explotaciones agrícolas cLuis Jiménez Álvarez, Alberto Moreno Vega, María Yolanda López Gálvez a1a. edición a77 páginas aBibliografía: páginas 73-77142LEMBaMaquinaria agrícolaxMedidas de seguridad142LEMBaAgriculturaxMedidas de seguridad142LEMBaRiesgos en la agricultura142LEMBaMaquinaria agrícola142LEMBaNormas técnicas1 aMoreno Vega, Alberto915946 2ddccBK a[Madrid] bParaninfo c2013 atextobtxt2rdacontent asin mediaciónbn2rdamedia avolumenbnc2rdacarrier aCO-BoRNBPbspaerdacCO-BoRNBP c3859d3859